000 00306 a2200133 4500
999 _c11229
_d11229
003 OSt
005 20260407134733.0
008 260407b ||||| |||| 00| 0 eng d
020 _a9788997079742
082 _a712.5
245 _aStreet Furniture 1(Public Landscape 1)
260 _bDMP
_c2014
942 _2ddc